FC Augsburg Squad 2022-2023 - Statistics

General Stats
  • This quiz has been taken 11 times
  • The average score is 14 of 37
Answer Stats
# Position Nation Player % Correct
16 FW Switzerland Rubén Vargas
90%
19 DF Germany Felix Uduokhai
70%
10 MF Germany Arne Maier
60%
9 FW Bosnia and Herzegovina Ermedin Demirović
60%
11 FW Germany Mërgim Berisha
60%
1 GK Poland Rafał Gikiewicz
60%
4 DF England Reece Oxford
60%
2 DF Poland Robert Gumny
60%
28 FW Germany André Hahn
50%
22 DF Brazil Iago Amaral
50%
6 DF Netherlands Jeffrey Gouweleeuw
50%
40 GK Czech Republic Tomáš Koubek
50%
27 MF Belgium Arne Engels
40%
20 FW Italy Daniel Caligiuri
40%
7 FW Croatia Dion Beljo
40%
7 FW Germany Florian Niederlechner
40%
24 MF Finland Fredrik Jensen
40%
3 DF Denmark Mads Pedersen
40%
30 MF Germany Niklas Dorsch
40%
8 MF Ecuador Carlos Gruezo
30%
38 DF Croatia David Čolina
30%
- Coach Germany Enrico Maaßen
30%
14 MF Austria Julian Baumgartlinger
30%
23 DF Germany Maximilian Bauer
30%
8 MF Portugal Renato Veiga
30%
39 GK Germany Benjamin Leneis
20%
13 MF Germany Elvis Rexhbeçaj
20%
26 DF Denmark Frederik Winther
20%
45 FW Italy Kelvin Yeboah
20%
21 MF Germany Lukas Petkov
20%
34 FW France Nathanaël Mbuku
20%
17 FW Germany Noah-Joel Sarenren-Bazee
20%
32 DF Germany Raphael Framberger
20%
5 MF Germany Tobias Strobl
20%
42 DF Germany Aaron Zehnter
10%
25 GK Germany Daniel Klein
10%
48 FW France Irvin Cardona
10%
No matching quizzes found
Score Distribution
Percent of People with Each Score
Percentile by Number Answered
Your Score History
You have not taken this quiz